[Event "C.to Italiano Semifinale"]
[Site "Arvier ITA"]
[Date "2002.06.27"]
[Round "6"]
[White "Tonon, Alessandro"]
[Black "Sartori, Spartaco"]
[Result "1-0"]
[WhiteElo "2184"]
[BlackElo "2262"]
[PlyCount "103"]
[EventDate "2002.06.22"]

1. d4 e6 2. c4 Nf6 3. Nf3 b6 4. e3 Bb7 5. Bd3 c5 6. Nc3 cxd4 7. exd4 Be7 8. O-O
d5 9. cxd5 Nxd5 10. Ne5 O-O 11. Bb1 Nc6 12. Qd3 f5 13. Nxc6 Bxc6 14. Re1 Rc8
15. Bd2 Rf6 16. a3 Nxc3 17. bxc3 Rg6 18. f3 Bd5 19. Bf4 Bg5 20. Be5 Bc4 21. Qc2
Qd5 22. Ba2 Bh4 23. Bxc4 Rxc4 24. Re3 Bg5 25. Rd3 h5 26. Rb1 Be7 27. Ra1 Kf7
28. a4 Rh6 29. a5 bxa5 30. Qb3 Rh8 31. Rxa5 Qxa5 32. Qxc4 Qa1+ 33. Kf2 Qb2+ 34.
Kf1 Qc1+ 35. Kf2 Bh4+ 36. g3 Bd8 37. d5 Bb6+ 38. Bd4 Re8 39. Bxb6 axb6 40.
dxe6+ Kf6 41. Qd4+ Kg6 42. Re3 Re7 43. Qd6 Kf6 44. Qe5+ Kg6 45. h4 Qd2+ 46. Re2
Qc1 47. Qd4 Qh1 48. Qf4 Qh2+ 49. Ke1 Qg1+ 50. Kd2 Qc5 51. Re5 Qf2+ 52. Kc1 1-0

[Event "C.to Italiano Semifinale"]
[Site "Arvier ITA"]
[Date "2002.06.27"]
[Round "6"]
[White "Valenti, Giuseppe"]
[Black "Martorelli, Antonio"]
[Result "1-0"]
[WhiteElo "2268"]
[BlackElo "2257"]
[PlyCount "73"]
[EventDate "2002.06.22"]

1. e4 c5 2. Nf3 e6 3. d4 cxd4 4. Nxd4 a6 5. Bd3 Nf6 6. O-O Qc7 7. Qe2 h5 8. Nd2
Bc5 9. c3 Ng4 10. N2f3 Nc6 11. Nxc6 bxc6 12. e5 d6 13. b4 Ba7 14. Bf4 d5 15. h3
Nf6 16. Be3 Nd7 17. Bxa7 Rxa7 18. c4 dxc4 19. Bxc4 g5 20. Rfe1 g4 21. Ng5 a5
22. b5 c5 23. h4 a4 24. Rad1 Ke7 25. Qe3 Nb6 26. Qf4 Ke8 27. Qf6 Rg8 28. Nxf7
Nd5 29. Bxd5 Qxf7 30. Bc6+ Bd7 31. Rxd7 Rxd7 32. Qxf7+ Kxf7 33. Bxd7 Rd8 34.
Bc6 Rd2 35. Rb1 c4 36. b6 c3 37. Bxa4 1-0

[Event "C.to Italiano Semifinale"]
[Site "Arvier ITA"]
[Date "2002.06.27"]
[Round "6"]
[White "Yeuillaz, Corrado"]
[Black "Carcangiu, Vittorio"]
[Result "1-0"]
[WhiteElo "2231"]
[BlackElo "1753"]
[PlyCount "47"]
[EventDate "2002.06.22"]

1. e4 c5 2. Nf3 d6 3. d4 cxd4 4. Nxd4 Nf6 5. Nc3 a6 6. a4 e6 7. Bd3 Be7 8. O-O
O-O 9. Kh1 Nbd7 10. Be3 Nc5 11. f4 Qc7 12. a5 Bd7 13. Qe2 Rac8 14. Bd2 Nxd3 15.
cxd3 e5 16. fxe5 dxe5 17. Nf5 Rfe8 18. Nxe7+ Rxe7 19. Rxf6 gxf6 20. Nd5 Qd8 21.
Nxf6+ Kg7 22. Qh5 Bf5 23. Qh6+ Kh8 24. exf5 1-0

[Event "C.to Italiano Semifinale"]
[Site "Arvier ITA"]
[Date "2002.06.28"]
[Round "7"]
[White "Capece, Adolivio"]
[Black "Martorelli, Antonio"]
[Result "1/2-1/2"]
[WhiteElo "2067"]
[BlackElo "2257"]
[PlyCount "53"]
[EventDate "2002.06.22"]

1. c4 e5 2. Nc3 Nf6 3. g3 c6 4. Bg2 d5 5. cxd5 cxd5 6. d4 exd4 7. Qxd4 Nc6 8.
Qd1 d4 9. Ne4 Bb4+ 10. Bd2 O-O 11. Bxb4 Nxb4 12. a3 Nc6 13. Nxf6+ Qxf6 14. Nf3
d3 15. Qxd3 Qxb2 16. O-O Rd8 17. Qe4 g6 18. Qh4 Qxe2 19. Rfe1 Qb2 20. Ng5 Qf6
21. Qxh7+ Kf8 22. Qh6+ Qg7 23. Qh4 Qd4 24. Qh6+ Qg7 25. Qh4 Qd4 26. Qh6+ Qg7
27. Qh4 1/2-1/2

[Event "C.to Italiano Semifinale"]
[Site "Arvier ITA"]
[Date "2002.06.28"]
[Round "7"]
[White "Carcangiu, Vittorio"]
[Black "Cazzaniga, Walter"]
[Result "1-0"]
[WhiteElo "1753"]
[BlackElo "2119"]
[PlyCount "79"]
[EventDate "2002.06.22"]

1. d4 Nf6 2. Nf3 g6 3. g3 Bg7 4. Bg2 d6 5. O-O O-O 6. c4 Nbd7 7. Nc3 e5 8. e3
Re8 9. b3 a6 10. Bb2 Rb8 11. a4 exd4 12. exd4 c6 13. Re1 Rxe1+ 14. Qxe1 Nf8 15.
Qd2 d5 16. cxd5 cxd5 17. Ne5 Be6 18. a5 Ne4 19. Qe1 f5 20. f3 Nxc3 21. Bxc3 Rc8
22. Bb2 f4 23. b4 fxg3 24. hxg3 Qg5 25. Kf2 Nd7 26. Nxd7 Bxd7 27. f4 Qf5 28.
Rc1 Rxc1 29. Qxc1 Bb5 30. Qd2 h5 31. Bf3 Bd3 32. Qe3 Bb5 33. Qd2 Bf8 34. Bc3
Bd6 35. Qe3 Kf7 36. Bd2 Bc4 37. Be2 Bxe2 38. Kxe2 Qe6 39. Qxe6+ Kxe6 40. Ke3
$139 1-0

[Event "C.to Italiano Semifinale"]
[Site "Arvier ITA"]
[Date "2002.06.28"]
[Round "7"]
[White "De Santis, Alessio"]
[Black "Cocchi, Andrea"]
[Result "1-0"]
[WhiteElo "2274"]
[BlackElo "2281"]
[PlyCount "107"]
[EventDate "2002.06.22"]

1. d4 d6 2. e4 g6 3. c4 Bg7 4. Nc3 Nd7 5. Nf3 e5 6. Be2 c6 7. O-O Nh6 8. Rb1
O-O 9. dxe5 dxe5 10. b4 Qe7 11. Re1 Re8 12. b5 f6 13. bxc6 bxc6 14. Qa4 Qd6 15.
Ba3 Qc7 16. Red1 Nf7 17. c5 Bf8 18. Bc4 Kg7 19. Bxf7 Kxf7 20. Nd2 Be7 21. Nc4
Nxc5 22. Bxc5 Bxc5 23. Na5 Bb6 24. Nxc6 Bg4 25. Nb5 Bxf2+ 26. Kf1 Qxc6 27. Nd6+
Qxd6 28. Rxd6 Bb6 29. h3 Be6 30. Rc1 Rab8 31. Rcc6 Rbd8 32. Ke2 Rxd6 33. Rxd6
Re7 34. Qc6 Rc7 35. Rxe6 Rxc6 36. Rxc6 h5 37. Kd3 Kg7 38. Kc4 f5 39. Kd5 Bd4
40. a4 fxe4 41. Kxe4 Kf7 42. a5 Kg7 43. a6 Kh6 44. h4 Kg7 45. Kd5 Kf7 46. Rd6
Bf2 47. Kxe5 Kg7 48. Rd7+ Kh6 49. Kd5 Bg1 50. Kc6 Bf2 51. Kb7 Bxh4 52. Kxa7
Bf2+ 53. Kb7 h4 54. Rd6 1-0

[Event "C.to Italiano Semifinale"]
[Site "Arvier ITA"]
[Date "2002.06.28"]
[Round "7"]
[White "Forno, Roberto"]
[Black "Gentile, Claudio"]
[Result "0-1"]
[WhiteElo "2079"]
[BlackElo "2117"]
[PlyCount "48"]
[EventDate "2002.06.22"]

1. d4 Nf6 2. Nf3 d5 3. c4 c6 4. Nc3 dxc4 5. Bg5 Qa5 6. e3 Ne4 7. Bf4 Nxc3 8.
Qd2 e5 9. Nxe5 Bb4 10. a3 Nd5 11. axb4 Qxa1+ 12. Ke2 Nxf4+ 13. exf4 Be6 14. g4
O-O 15. Bg2 Qa6 16. Ke3 f6 17. f5 fxe5 18. dxe5 Qb6+ 19. Ke2 Rd8 20. Qg5 Qd4
21. Bf3 Qd3+ 22. Ke1 c3 23. bxc3 Qb1+ 24. Ke2 Bc4+ 0-1

[Event "C.to Italiano Semifinale"]
[Site "Arvier ITA"]
[Date "2002.06.28"]
[Round "7"]
[White "Iotti, Pierluigi"]
[Black "Valenti, Giuseppe"]
[Result "1-0"]
[WhiteElo "2291"]
[BlackElo "2268"]
[PlyCount "65"]
[EventDate "2002.06.22"]

1. d4 Nf6 2. Nf3 e6 3. g3 b6 4. Bg2 Bb7 5. O-O Be7 6. c4 O-O 7. b3 d5 8. Ne5
Na6 9. Bb2 c5 10. Nc3 Rc8 11. dxc5 bxc5 12. cxd5 exd5 13. Rc1 Nc7 14. Qd2 Qd6
15. Rfd1 Rfd8 16. Nd3 Ne6 17. Na4 Ne4 18. Qe1 Qa6 19. f3 Nf6 20. Bxf6 Bxf6 21.
Naxc5 Nxc5 22. Rxc5 Re8 23. e3 Bc6 24. Bh3 Rcd8 25. Ra5 Qb7 26. Nc5 Qb6 27. b4
Bb5 28. Qd2 Re5 29. f4 Ree8 30. a3 Bc6 31. Bg2 Ba8 32. Kf2 g6 33. Ra6 1-0

[Event "C.to Italiano Semifinale"]
[Site "Arvier ITA"]
[Date "2002.06.28"]
[Round "7"]
[White "Mola, Pietro"]
[Black "Buchicchio, Giampaolo"]
[Result "1/2-1/2"]
[WhiteElo "2277"]
[BlackElo "2188"]
[PlyCount "57"]
[EventDate "2002.06.22"]

1. e4 c5 2. Nf3 Nc6 3. Bb5 e6 4. Bxc6 bxc6 5. b3 d6 6. O-O e5 7. c3 f5 8. exf5
Bxf5 9. d4 e4 10. Nfd2 cxd4 11. cxd4 Nf6 12. f3 exf3 13. Qxf3 Bd7 14. Nc4 Be7
15. Nc3 O-O 16. Ba3 d5 17. Bxe7 Qxe7 18. Ne5 Ng4 19. Qg3 Nxe5 20. dxe5 Rxf1+
21. Rxf1 Re8 22. Re1 Bf5 23. Qf2 Be6 24. Na4 Qb4 25. Rf1 d4 26. Nb2 Rf8 27.
Qxf8+ Qxf8 28. Rxf8+ Kxf8 29. Kf2 1/2-1/2

[Event "C.to Italiano Semifinale"]
[Site "Arvier ITA"]
[Date "2002.06.28"]
[Round "7"]
[White "Nelli, Luca"]
[Black "Laco, Giuseppe"]
[Result "1/2-1/2"]
[WhiteElo "2173"]
[BlackElo "2149"]
[PlyCount "131"]
[EventDate "2002.06.22"]

1. c4 e5 2. Nc3 g6 3. g3 Bg7 4. Bg2 c6 5. b4 Ne7 6. c5 d5 7. cxd6 Qxd6 8. Rb1
f5 9. Nh3 h6 10. O-O O-O 11. Qc2 g5 12. f4 gxf4 13. gxf4 e4 14. Bb2 Nd7 15. d3
exd3 16. Qxd3 Qxd3 17. exd3 Bd4+ 18. Kh1 Ng6 19. b5 Rf6 20. Na4 Bxb2 21. Rxb2
cxb5 22. Rxb5 Rb8 23. Rc1 Rd6 24. Rc7 Rxd3 25. Rxf5 Ndf8 26. Rd5 Bxh3 27. Rxd3
Bxg2+ 28. Kg1 Be4 29. Rg3 Kh8 30. Nc3 Bf5 31. Nd5 Ne6 32. Rf7 Rf8 33. Rxb7
Nexf4 34. Nxf4 Nxf4 35. Re3 a6 36. Ree7 Nd5 37. Rf7 Rxf7 38. Rxf7 Bd3 39. Rd7
Bc4 40. a3 h5 41. Kf2 h4 42. h3 Nf4 43. Rd4 Nxh3+ 44. Kg2 Be6 45. Rd6 Ng5 46.
Rxa6 Kg7 47. a4 Kf6 48. Rb6 Kf5 49. a5 Bd5+ 50. Kh2 Kg4 51. Rb4+ Kh5 52. a6
Nf3+ 53. Kg2 Ne5+ 54. Kh3 Be6+ 55. Kh2 Ng4+ 56. Kg1 h3 57. Rb5+ Kh4 58. a7 Kg3
59. a8=Q h2+ 60. Kf1 Bc4+ 61. Ke1 Bxb5 62. Qe4 Ba6 63. Qc6 Bb5 64. Qe4 Ba6 65.
Qc6 Bb5 66. Qe4 1/2-1/2

[Event "C.to Italiano Semifinale"]
[Site "Arvier ITA"]
[Date "2002.06.28"]
[Round "7"]
[White "Ricci, Marco"]
[Black "Mussoni, Marcello"]
[Result "0-1"]
[WhiteElo "2162"]
[BlackElo "2250"]
[PlyCount "154"]
[EventDate "2002.06.22"]

1. e4 e5 2. Nf3 Nc6 3. Bb5 Nf6 4. O-O Be7 5. Nc3 d6 6. d4 Bd7 7. d5 Nb8 8.
Bxd7+ Nbxd7 9. Ne1 c6 10. dxc6 bxc6 11. Be3 O-O 12. a4 Qb8 13. Rb1 a5 14. Qf3
Qb7 15. Nd3 d5 16. Bg5 d4 17. Ne2 Rfe8 18. Ng3 c5 19. b3 Qc6 20. Nb2 h6 21. Bd2
Nb6 22. Qd3 Nfd7 23. Nc4 Nxc4 24. Qxc4 Nb6 25. Qb5 Qxb5 26. axb5 c4 27. Ra1 c3
28. Bc1 Reb8 29. Nf5 Nc8 30. Nxe7+ Nxe7 31. Ba3 Ng6 32. Bd6 Rxb5 33. Ra4 Rc8
34. Rd1 Nf4 35. g3 Ne6 36. f4 f6 37. Kf2 Rc6 38. Ba3 g6 39. Kf3 Kf7 40. h3 Kg7
41. Rd3 Kf7 42. h4 h5 43. Kf2 Rc7 44. Kf3 Kg7 45. Bd6 Rc6 46. Ba3 Nc7 47. Ke2
Na8 48. Be7 Nb6 49. Ra2 a4 50. b4 Rc7 51. Bd8 Ra7 52. fxe5 fxe5 53. Rf3 Nc4 54.
Bf6+ Kh7 55. Rf1 Rxb4 56. Rfa1 a3 57. Bg5 Rb2 58. Bc1 Rxa2 59. Rxa2 Nb2 60. Bg5
Kg7 61. Bd8 Kf7 62. Bb6 Ra6 63. Bc5 Ra5 64. Bb4 Ra4 65. Bc5 Nc4 66. Kd3 Kf6 67.
Bf8 g5 68. Bc5 gxh4 69. gxh4 Ke6 70. Bxd4 Nb2+ 71. Kxc3 exd4+ 72. Kd2 Ke5 73.
Ra1 a2 74. Kc1 Nc4 75. c3 d3 76. Kd1 Kxe4 77. Ke1 Kf3 0-1

[Event "C.to Italiano Semifinale"]
[Site "Arvier ITA"]
[Date "2002.06.28"]
[Round "7"]
[White "Rossato, Armando"]
[Black "Bruno, Fabio"]
[Result "0-1"]
[WhiteElo "2169"]
[BlackElo "2268"]
[PlyCount "54"]
[EventDate "2002.06.22"]

1. d4 d5 2. Nf3 Nf6 3. e3 e6 4. Bd3 Nbd7 5. b3 Bb4+ 6. c3 Bd6 7. Bb2 Ne4 8. c4
c6 9. Nbd2 f5 10. O-O Qf6 11. g3 O-O 12. Rc1 Qh6 13. Ne5 Ndf6 14. Be2 Bd7 15.
Rc2 Be8 16. f4 Nxd2 17. Rxd2 Bh5 18. Nd3 g5 19. Nc5 Ng4 20. Bxg4 Bxg4 21. Qc2
Rf7 22. Re1 Re8 23. Nd3 Bf3 24. Rf2 Be4 25. Qd2 Rg7 26. Ne5 gxf4 27. Kf1 fxg3
0-1

[Event "C.to Italiano Semifinale"]
[Site "Arvier ITA"]
[Date "2002.06.28"]
[Round "7"]
[White "Sartori, Spartaco"]
[Black "Contin, Daniel"]
[Result "0-1"]
[WhiteElo "2262"]
[BlackElo "2338"]
[PlyCount "26"]
[EventDate "2002.06.22"]

1. c4 c5 2. Nf3 g6 3. e4 Nc6 4. d4 cxd4 5. Nxd4 Bg7 6. Be3 Nf6 7. Nc3 d6 8. Be2
O-O 9. O-O Nxd4 10. Bxd4 Be6 11. f4 Qc8 12. Qd3 Nd7 13. f5 Bxc4 0-1

[Event "C.to Italiano Semifinale"]
[Site "Arvier ITA"]
[Date "2002.06.28"]
[Round "7"]
[White "Vezzosi, Paolo"]
[Black "Tonon, Alessandro"]
[Result "1-0"]
[WhiteElo "2398"]
[BlackElo "2184"]
[PlyCount "79"]
[EventDate "2002.06.22"]

1. d4 Nf6 2. c4 e6 3. Nc3 Bb4 4. e3 c5 5. Nge2 cxd4 6. exd4 d5 7. c5 O-O 8. a3
Ba5 9. g3 a6 10. Bg2 Nc6 11. O-O Bc7 12. Bf4 b6 13. Bxc7 Qxc7 14. Rc1 Na5 15.
Na4 b5 16. Nb6 Rb8 17. b3 Nd7 18. Nxd7 Bxd7 19. Nf4 Nc6 20. Qd3 b4 21. a4 a5
22. Rfd1 Ne7 23. h4 Rbd8 24. Re1 Nf5 25. h5 g5 26. hxg6 hxg6 27. Bh3 Ng7 28.
Qd2 g5 29. Nd3 f6 30. Bg4 Kf7 31. Kg2 Bc6 32. Qe2 Qe7 33. f4 gxf4 34. Nxf4 Bd7
35. Bh5+ Kg8 36. Ng6 Qf7 37. Nxf8 Qxf8 38. c6 Bc8 39. Bg6 Ne8 40. Qh5 1-0

[Event "C.to Italiano Semifinale"]
[Site "Arvier ITA"]
[Date "2002.06.29"]
[Round "8"]
[White "Bruno, Fabio"]
[Black "De Santis, Alessio"]
[Result "0-1"]
[WhiteElo "2268"]
[BlackElo "2274"]
[PlyCount "68"]
[EventDate "2002.06.22"]

1. b3 d5 2. Nf3 Nf6 3. Bb2 c6 4. g3 g6 5. Bxf6 exf6 6. d4 Bg7 7. Bg2 Be6 8. O-O
Nd7 9. Nfd2 f5 10. e3 Nf6 11. Nc3 h5 12. h4 Ne4 13. Ne2 g5 14. hxg5 Qxg5 15. f4
Qg6 16. Nxe4 fxe4 17. Kf2 h4 18. Rh1 h3 19. Bf1 Bg4 20. Rh2 O-O-O 21. Ke1 c5
22. c3 Kb8 23. Rc1 cxd4 24. cxd4 Bf8 25. Qd2 Qb6 26. Kf2 Bb4 27. Qb2 Qd6 28.
Rc2 Rdg8 29. a3 Bxa3 30. Qa1 Bb4 31. Qa4 Bd7 32. Qa1 Qg6 33. f5 Qxf5+ 34. Nf4
Qg4 0-1

[Event "C.to Italiano Semifinale"]
[Site "Arvier ITA"]
[Date "2002.06.29"]
[Round "8"]
[White "Buchicchio, Giampaolo"]
[Black "Tonon, Alessandro"]
[Result "1-0"]
[WhiteElo "2188"]
[BlackElo "2184"]
[PlyCount "51"]
[EventDate "2002.06.22"]

1. e4 Nf6 2. e5 Nd5 3. d4 d6 4. c4 Nb6 5. f4 dxe5 6. fxe5 c5 7. d5 g6 8. Bf4
Bg7 9. Qd2 O-O 10. Nc3 e6 11. O-O-O f6 12. Nf3 exd5 13. cxd5 fxe5 14. Bxe5 Bg4
15. Bxg7 Kxg7 16. Be2 Bxf3 17. Bxf3 N8d7 18. Ne4 Rf5 19. Nd6 Re5 20. Nxb7 Qf6
21. Na5 Qd6 22. Nc6 Ree8 23. h4 Nc4 24. Qc3+ Nde5 25. b3 Ne3 26. Rde1 1-0

[Event "C.to Italiano Semifinale"]
[Site "Arvier ITA"]
[Date "2002.06.29"]
[Round "8"]
[White "Cocchi, Andrea"]
[Black "Mola, Pietro"]
[Result "1/2-1/2"]
[WhiteElo "2281"]
[BlackElo "2277"]
[PlyCount "82"]
[EventDate "2002.06.22"]

1. e4 c5 2. b3 d6 3. Bb2 Nf6 4. Bb5+ Nbd7 5. Nc3 a6 6. Bxd7+ Bxd7 7. Nf3 e5 8.
d3 Be7 9. Nd2 b5 10. Nf1 b4 11. Ne2 O-O 12. Ne3 Ng4 13. Nxg4 Bxg4 14. O-O Bg5
15. Kh1 Bh5 16. Qe1 a5 17. a3 Qd7 18. Ng3 Bg6 19. Bc1 Bxc1 20. Qxc1 a4 21. Qb2
Rfb8 22. axb4 Rxb4 23. Qa3 h5 24. h3 h4 25. Ne2 f5 26. f3 Be8 27. Nc3 Qf7 28.
Rab1 Rab8 29. bxa4 fxe4 30. dxe4 Qc4 31. Ra1 Bxa4 32. Nxa4 Ra8 33. Qe3 Rbxa4
34. Rad1 Ra2 35. Qg5 Rxc2 36. Qxh4 Qe6 37. Rf2 Rxf2 38. Qxf2 Rd8 39. Rd5 Kf7
40. f4 exf4 41. Qxf4+ Kg8 1/2-1/2

[Event "C.to Italiano Semifinale"]
[Site "Arvier ITA"]
[Date "2002.06.29"]
[Round "8"]
[White "Contin, Daniel"]
[Black "Rossato, Armando"]
[Result "0-1"]
[WhiteElo "2338"]
[BlackElo "2169"]
[PlyCount "110"]
[EventDate "2002.06.22"]

1. c4 e5 2. Nc3 d6 3. d4 exd4 4. Qxd4 Nf6 5. g3 Nc6 6. Qd2 Be6 7. e4 Be7 8. b3
O-O 9. Bg2 Re8 10. Nge2 a6 11. O-O Rb8 12. f4 Qc8 13. Nd5 Bh3 14. Nec3 Bd8 15.
Bb2 Bxg2 16. Qxg2 h5 17. Rae1 Re6 18. Kh1 b5 19. e5 Nd7 20. cxb5 axb5 21. Nf6+
gxf6 22. Qxc6 b4 23. Ne4 dxe5 24. Qd5 Nb6 25. Qd1 Qb7 26. fxe5 Nd5 27. Qxh5 Nc3
28. Bxc3 bxc3 29. Qg4+ Kf8 30. exf6 Bxf6 31. Kg1 Bd4+ 32. Kg2 Rbe8 33. Qf3 c5
34. Ng5 Qxf3+ 35. Nxf3 Re2+ 36. Kh3 Rxa2 37. Rc1 Rb8 38. Rfd1 Rb4 39. Rd3 Rb2
40. Rcxc3 Bxc3 41. Rxc3 R2xb3 42. Rxb3 Rxb3 43. Ne5 Rc3 44. Kg4 f6 45. Nd7+ Ke7
46. Nb6 Kd6 47. h4 Rb3 48. Nc4+ Kd5 49. Nd2 Rd3 50. Nf1 Ke5 51. h5 f5+ 52. Kg5
Rf3 53. Nd2 Rxg3+ 54. Kh6 f4 55. Kh7 Rg2 0-1

[Event "C.to Italiano Semifinale"]
[Site "Arvier ITA"]
[Date "2002.06.29"]
[Round "8"]
[White "Gentile, Claudio"]
[Black "Sartori, Spartaco"]
[Result "1-0"]
[WhiteElo "2117"]
[BlackElo "2262"]
[PlyCount "81"]
[EventDate "2002.06.22"]

1. d4 e6 2. c4 Nf6 3. Nf3 b6 4. a3 Bb7 5. Nc3 d5 6. cxd5 Nxd5 7. Qc2 Be7 8. Bd2
O-O 9. e4 Nf6 10. e5 Nd5 11. Bd3 h6 12. Nxd5 Bxd5 13. Bh7+ Kh8 14. Be4 c5 15.
dxc5 bxc5 16. O-O-O Nc6 17. Bc3 a5 18. Qd3 Nb4 19. axb4 axb4 20. Bxd5 exd5 21.
Be1 Ra1+ 22. Kd2 c4 23. Qd4 c3+ 24. bxc3 Ra2+ 25. Ke3 b3 26. Qxd5 Bg5+ 27. Nxg5
Qxg5+ 28. f4 Qg4 29. Rd2 Ra4 30. g3 Rb8 31. Qxf7 b2 32. Rxb2 Rxb2 33. Qe8+ Kh7
34. Qxa4 Qe2+ 35. Kd4 Rb8 36. Qc6 Rd8+ 37. Kc5 Qe3+ 38. Kb5 Qd3+ 39. Ka5 Qb1
40. Ka6 Rb8 41. c4 1-0

[Event "C.to Italiano Semifinale"]
[Site "Arvier ITA"]
[Date "2002.06.29"]
[Round "8"]
[White "Iotti, Pierluigi"]
[Black "Vezzosi, Paolo"]
[Result "1-0"]
[WhiteElo "2291"]
[BlackElo "2398"]
[PlyCount "51"]
[EventDate "2002.06.22"]

1. d4 Nf6 2. Nf3 d5 3. c4 c6 4. Nc3 a6 5. e3 Bf5 6. cxd5 cxd5 7. Qb3 Ra7 8. Ne5
e6 9. Bd2 Nbd7 10. Qa4 Qb8 11. Rc1 Bd6 12. f4 Ke7 13. Be2 Rc8 14. O-O Rc7 15.
g4 Be4 16. g5 Ne8 17. Nxe4 dxe4 18. Rxc7 Qxc7 19. Rc1 Qd8 20. Ba5 Nc7 21. Qc2
Bxe5 22. dxe5 b6 23. Bxb6 Nxb6 24. Qc5+ Ke8 25. Qxb6 Qd2 26. Qb8+ 1-0

[Event "C.to Italiano Semifinale"]
[Site "Arvier ITA"]
[Date "2002.06.29"]
[Round "8"]
[White "Martorelli, Antonio"]
[Black "Agomeri, Gianluca"]
[Result "1-0"]
[WhiteElo "2257"]
[BlackElo "2134"]
[PlyCount "61"]
[EventDate "2002.06.22"]

1. e4 e5 2. Nc3 Nf6 3. f4 d5 4. fxe5 Nxe4 5. Nf3 Be7 6. Qe2 f5 7. g3 O-O 8. Bg2
c5 9. Nd1 Nc6 10. d3 b6 11. Nf2 Ba6 12. Nh3 g5 13. Nhxg5 Nd4 14. Nxd4 cxd4 15.
Ne6 Bb4+ 16. Kd1 Qe7 17. Nxf8 Rxf8 18. a3 Bc5 19. Qf3 Qg7 20. Bf4 Be7 21. h4
Qg6 22. h5 Qc6 23. h6 Bxd3 24. cxd3 Qa4+ 25. Ke1 Bb4+ 26. Kf1 Rc8 27. dxe4 dxe4
28. Qh5 Be7 29. Qxf5 Qc4+ 30. Kg1 e3 31. e6 1-0

[Event "C.to Italiano Semifinale"]
[Site "Arvier ITA"]
[Date "2002.06.29"]
[Round "8"]
[White "Mussoni, Marcello"]
[Black "Nelli, Luca"]
[Result "1/2-1/2"]
[WhiteElo "2250"]
[BlackElo "2173"]
[PlyCount "155"]
[EventDate "2002.06.22"]

1. d4 Nf6 2. Nf3 c5 3. e3 b6 4. Bd3 Bb7 5. Nbd2 g6 6. c3 Bg7 7. O-O O-O 8. Re1
d6 9. e4 cxd4 10. Nxd4 Nbd7 11. Bc2 Qc8 12. Nf1 a6 13. Ng3 Ne5 14. Nf3 Nxf3+
15. Qxf3 Qg4 16. Qxg4 Nxg4 17. Bg5 Rfe8 18. Rad1 b5 19. Bc1 Ne5 20. Nf1 Rac8
21. Bb3 Nc4 22. a3 a5 23. Re2 Rc7 24. f3 Rec8 25. Ba2 b4 26. axb4 axb4 27. b3
Ne5 28. c4 Ra8 29. Ne3 Rc5 30. Bb1 Nc6 31. Nc2 Na5 32. Be3 Rcc8 33. Nxb4 Nxb3
34. Nd5 Bxd5 35. cxd5 Ra1 36. Ra2 Rc3 37. Rxa1 Nxa1 38. Bd2 Rb3 39. Kf1 Rb2 40.
Be3 Nb3 41. Kg1 Bc3 42. h4 Kg7 43. Kh2 f6 44. Kh3 h5 45. Bd3 Bd2 46. Bg1 Nc1
47. Bf1 Bh6 48. Bd4 Rc2 49. Bd3 Nxd3 50. Rxd3 Re2 51. Rd1 Kf7 52. Bc3 f5 53.
Re1 Rc2 54. Bd4 Rd2 55. Be3 Bxe3 56. Rxe3 Kf6 57. exf5 gxf5 58. Re6+ Kf7 59.
Rh6 Rxd5 60. Rxh5 Kg6 61. Rh8 Rd3 62. h5+ Kg7 63. Rd8 f4 64. Kg4 Rd2 65. Kxf4
Rxg2 66. Re8 Re2 67. Kg5 Rg2+ 68. Kf5 Kf7 69. Rd8 e6+ 70. Kf4 d5 71. Rh8 Re2
72. Kg5 Re5+ 73. Kg4 Re2 74. Kg5 e5 75. Kf5 d4 76. Rd8 Re3 77. f4 exf4 78. Kxf4
1/2-1/2

[Event "C.to Italiano Semifinale"]
[Site "Arvier ITA"]
[Date "2002.06.29"]
[Round "8"]
[White "Parrella, Alfredo"]
[Black "Maccagno, Giancarlo"]
[Result "1/2-1/2"]
[WhiteElo "2233"]
[BlackElo "2152"]
[PlyCount "70"]
[EventDate "2002.06.22"]

1. e4 c5 2. Nf3 e6 3. d4 cxd4 4. Nxd4 Nc6 5. Nb5 d6 6. c4 a6 7. N5c3 Nf6 8. Be2
b6 9. Be3 Bb7 10. O-O Be7 11. Qb3 Nd7 12. Rd1 Nc5 13. Qa3 O-O 14. b4 Nd7 15.
Qb3 Qc7 16. Nd2 Rac8 17. Rac1 Qb8 18. a3 Ba8 19. Nf1 Rfd8 20. Nd2 Re8 21. Ndb1
Nf6 22. f3 Bd8 23. Nd2 d5 24. cxd5 exd5 25. Nxd5 Nxd5 26. Qxd5 Bc7 27. Qh5 b5
28. Nf1 Be5 29. Rc2 g6 30. Qh4 Nd4 31. Rcd2 Ne6 32. Rd3 Nf4 33. Bxf4 Bxf4 34.
Ne3 Qb6 35. Qf2 f5 1/2-1/2

[Event "C.to Italiano Semifinale"]
[Site "Arvier ITA"]
[Date "2002.06.29"]
[Round "8"]
[White "Valenti, Giuseppe"]
[Black "Ricci, Marco"]
[Result "1/2-1/2"]
[WhiteElo "2268"]
[BlackElo "2162"]
[PlyCount "97"]
[EventDate "2002.06.22"]

1. e4 e6 2. d4 d5 3. Nd2 Nf6 4. e5 Nfd7 5. Bd3 c5 6. c3 Nc6 7. Ne2 cxd4 8. cxd4
f6 9. exf6 Nxf6 10. O-O Bd6 11. Nf3 O-O 12. Bg5 Bd7 13. Rc1 Qb6 14. Nc3 Rae8
15. Na4 Qa5 16. b3 Ba3 17. Rc2 Nb4 18. Rc5 Qd8 19. Bb1 b5 20. Nc3 Na6 21. Qc2
Bxc5 22. Bxf6 Qxf6 23. Ne5 g6 24. Nxd7 Qxd4 25. Nxb5 Qb4 26. Nxf8 Rxf8 27. Qe2
e5 28. a3 Qf4 29. b4 Bb6 30. Ba2 Rd8 31. Rd1 Kg7 32. Bxd5 Nc7 33. Nxc7 Bxc7 34.
g3 Qf6 35. Rd3 Rd7 36. Qg4 Re7 37. Rf3 Qd6 38. Qe4 Bb6 39. Bb3 Qd4 40. Qa8 Qd8
41. Qc6 Rc7 42. Qe6 Bd4 43. h4 Kh6 44. h5 Qc8 45. Qf6 Rc3 46. Rxc3 Qxc3 47.
Qf8+ Kg5 48. Qe7+ Kh6 49. Qf8+ 1/2-1/2

[Event "C.to Italiano Semifinale"]
[Site "Arvier ITA"]
[Date "2002.06.29"]
[Round "8"]
[White "Yeuillaz, Corrado"]
[Black "Laco, Giuseppe"]
[Result "1-0"]
[WhiteElo "2231"]
[BlackElo "2149"]
[PlyCount "95"]
[EventDate "2002.06.22"]

1. e4 c5 2. Nf3 e6 3. d3 d5 4. Nbd2 Nc6 5. g3 Bd6 6. Bg2 Nge7 7. O-O O-O 8. Re1
f6 9. c3 b5 10. d4 c4 11. Nf1 Rb8 12. h4 a5 13. Bh3 dxe4 14. Rxe4 f5 15. Re1 h6
16. Qe2 Nd5 17. a4 b4 18. Qxc4 Qb6 19. Ne3 Nce7 20. Nxd5 Nxd5 21. Qd3 bxc3 22.
bxc3 Qb3 23. Bd2 Nb4 24. Qe2 Nc2 25. Reb1 Nxa1 26. Rxb3 Nxb3 27. Be3 Bd7 28.
Bg2 Rfe8 29. Qa2 Rec8 30. Qc2 Bxa4 31. Nd2 Bb4 32. Qa2 Bxc3 33. Qxa4 Nxd2 34.
Qd7 Re8 35. d5 Rbd8 36. Qc7 Rc8 37. Qf4 Rc4 38. Qd6 e5 39. Qg6 Rf8 40. Bxh6 Rg4
41. Qe6+ Kh7 42. Bxd2 Bxd2 43. d6 Rd4 44. Bh3 Rf6 45. Bxf5+ Kh6 46. Qc8 Rxf5
47. Qxf5 Rxd6 48. g4 1-0

[Event "C.to Italiano Semifinale"]
[Site "Arvier ITA"]
[Date "2002.06.30"]
[Round "9"]
[White "Bruno, Fabio"]
[Black "Iotti, Pierluigi"]
[Result "0-1"]
[WhiteElo "2268"]
[BlackElo "2291"]
[PlyCount "68"]
[EventDate "2002.06.22"]

1. d4 Nf6 2. Nf3 e6 3. e3 b6 4. Bd3 Bb7 5. Nbd2 Be7 6. O-O c5 7. Re1 d6 8. b3
O-O 9. Bb2 cxd4 10. exd4 Ba6 11. c4 Nbd7 12. Nf1 d5 13. Ng3 Rc8 14. Rc1 Bb7 15.
Qe2 Bb4 16. Red1 Qe7 17. Ba1 Rfd8 18. h4 h6 19. Bb1 Bd6 20. Ne5 dxc4 21. bxc4
Ba3 22. Nxd7 Rxd7 23. Rc3 Bd6 24. Re3 Bf4 25. Nf5 Qf8 26. Rf3 Bxf3 27. Qxf3
exf5 28. Bxf5 Bb8 29. d5 Rd6 30. g4 Rxc4 31. Bb2 Qd8 32. Re1 Rxd5 33. g5 hxg5
34. hxg5 Rxf5 0-1

[Event "C.to Italiano Semifinale"]
[Site "Arvier ITA"]
[Date "2002.06.30"]
[Round "9"]
[White "Capece, Adolivio"]
[Black "Agomeri, Gianluca"]
[Result "1-0"]
[WhiteElo "2067"]
[BlackElo "2134"]
[PlyCount "41"]
[EventDate "2002.06.22"]

1. c4 c5 2. Nc3 Nc6 3. g3 Nf6 4. Bg2 g6 5. d3 Bg7 6. Bg5 O-O 7. Qd2 Nd4 8. Nf3
h6 9. Bxh6 Bxh6 10. Qxh6 Nc2+ 11. Kd1 Ng4 12. Qf4 e5 13. Qxg4 Nxa1 14. Qh4 Qxh4
15. Nxh4 Kg7 16. Kd2 f5 17. Rxa1 g5 18. Nf3 g4 19. Nh4 d6 20. Nb5 Rf6 21. Nc7
1-0